AMERICA LATINA FRENTE A LA CRISIS. (Registro nro. 58012)
[ vista simple ]
| 000 -LEADER | |
|---|---|
| fixed length control field | 00588nam a2200181 a 4500 |
| 001 - CONTROL NUMBER | |
| control field | 58012 |
| 005 - DATE AND TIME OF LATEST TRANSACTION | |
| control field | 20180714054438.0 |
| 008 - FIXED-LENGTH DATA ELEMENTS--GENERAL INFORMATION | |
| fixed length control field | 140415s2011 ag 000 0 spa d |
| 020 ## - INTERNATIONAL STANDARD BOOK NUMBER | |
| International Standard Book Number | 9789500734547 |
| 041 ## - LANGUAGE CODE | |
| Language code of text/sound track or separate title | spa |
| 082 ## - DEWEY DECIMAL CLASSIFICATION NUMBER | |
| Classification number | 362.098 |
| Item number | KLI |
| 245 00 - TITLE STATEMENT | |
| Title | AMERICA LATINA FRENTE A LA CRISIS. |
| 250 ## - EDITION STATEMENT | |
| Edition statement | 1a ed. |
| 260 ## - PUBLICATION, DISTRIBUTION, ETC. | |
| Place of publication, distribution, etc. | ARGENTINA : |
| Name of publisher, distributor, etc. | SUDAMERICANA, |
| Date of publication, distribution, etc. | 2011. |
| 300 ## - PHYSICAL DESCRIPTION | |
| Dimensions | 15.5 x 1.8 x 22.8. |
| 650 14 - SUBJECT ADDED ENTRY--TOPICAL TERM | |
| Topical term or geographic name entry element | ECONOMIA |
| General subdivision | AMERICA LATINA |
| -- | POBREZA |
| -- | LATINOAMERICA |
| -- | CRISIS ECONOMICA |
| -- | LATINOAMERICA |
| -- | POLITICA SOCIAL |
| -- | LATINOAMERICA |
| 700 1# - ADDED ENTRY--PERSONAL NAME | |
| Personal name | KLIKSBERG, BERNARDO |
| Relator term | coaut. |
| Withdrawn status | Lost status | Source of classification or shelving scheme | Damaged status | Not for loan | Collection code | Home library | Current library | Shelving location | Date acquired | Source of acquisition | Inventory number | Total Checkouts | Full call number | Barcode | Date last seen | Date last checked out | Price effective from | Koha item type |
|---|---|---|---|---|---|---|---|---|---|---|---|---|---|---|---|---|---|---|
| Dewey Decimal Classification | General | Biblioteca Karol Wojtyla | Biblioteca Karol Wojtyla | Sala general | 03/12/2013 | Compra | 151000000000000000048097 | 362.098 KLI | 87516 | 05/01/2026 | 21/10/2016 | 16/02/2016 | Libro | |||||
| Dewey Decimal Classification | General | Biblioteca Karol Wojtyla | Biblioteca Karol Wojtyla | Sala general | 03/12/2013 | Compra | 151000000000000000048099 | 362.098 KLI | 87515 | 05/01/2026 | 16/02/2016 | Libro |